00906nam a2200241Ia 450000500170000000800410001702000150005808200170007310000220009024501210011225000190023330000620025260000340031465000370034865000470038570000250043270000380045726400460049533600270054133700330056833800280060104000350062920220317000702.0160601s2002 ve a g 000 0 spa  a980642379804a923.1 bB64c1 aCordoliani, Silda10aSimón Bolívar bun relato ilustrado cSilda Cordoliani, María Elena Maggi ; ilustraciones Leonardo Rodríguez a1a. edición  a71 páginas bilustraciones y retratos en color c21 cm 14aBolívar, Simónd1783-1830142LEMBaLibertadores vBiografía142LEMBaPróceres venezolanos vBiografía aMaggi, María Elena aRodríguez, Leonardoeilustrador aCaracas bLos Libros de el Nacionalc2002 atextobtxt2rdacontent asin mediaciónbn2rdamedia avolumenbnc2rdacarrier aCO-BoRNBPbspaerdacCO-BoRNBP